000 00564nam a2200145Ia 4500
003 GCL
008 140319s9999 xx 000 0 ara d
040 _aGCL /
_cGCL
082 0 4 _a811.1
_bن د
100 1 _aابوبكر عاصم بن ايوب البطليوسى
245 1 0 _aديوان النابغة الذبيانى /
_cابوبكر عاصم بن ايوب البطليوسى
700 1 _aالنابغة الذبيانى، أبوامامة زياد بن معاوية، -604م
300 _a78 ص
490 _aالهيئة العامة للاستعلامات
_v0
999 _c47560
_d47560